Sports Quiz

Random Sports or Canada Quiz

No Big 4 Teams States & Provinces Quiz Stats

 Plays Quiz Updated Jul 8, 2021

Support Sporcle.
Go Orange.
Score 0/29 Timer 03:00
12 Plays Today
% Correct
???
75.4%
???
74.3%
???
72.6%
???
72.5%
???
69.1%
???
66.1%
???
65.7%
???
64%
???
63.8%
???
62.4%
???
61.8%
???
61.5%
???
61.4%
???
60.3%
???
59.1%
% Correct
???
58.6%
???
58.3%
???
56.8%
???
56.8%
???
53.6%
???
53.4%
???
52.6%
???
52.1%
???
51.7%
???
51.4%
???
48.1%
???
46.3%
???
43.8%
???
33.4%

You're not logged in!

Compare scores with friends on all Sporcle quizzes.
OR
Log In
Forgot?

From the Vault

Voldemort's Horcrux Possessors

by jkl87

Now you're playing horcrux hot potato.
Remove Ads.
Support Sporcle.
Get the best of Sporcle when you Go Orange. This ad-free experience offers more features, more stats, and more fun while also helping to support Sporcle. Thank you for becoming a member.

Show Comments

Extras

Top Quizzes Today


Score Distribution

Your Account Isn't Verified!

In order to create a playlist on Sporcle, you need to verify the email address you used during registration. Go to your Sporcle Settings to finish the process.

Report this User

Report this user for behavior that violates our Community Guidelines.

Details: